| 000 | 00403nam a2200169Ia 4500 | ||
|---|---|---|---|
| 008 | 130318s9999 xx 000 0 und d | ||
| 020 | _a9812400796 | ||
| 082 | _a005.73C++ DRO/D | ||
| 100 | _aDrozdek, Adam | ||
| 245 | _aData structures and algorithms in C++ | ||
| 250 | _a2 | ||
| 260 |
_bVikas _aNew Delhi _c2001 |
||
| 300 | _a650 | ||
| 650 | _aALGORITHMS | ||
| 650 | _aC++ | ||
| 650 | _aDATASTRUCTURES | ||
| 999 |
_c242 _d242 |
||